Countries That Have The Same Name In All JetPunk Languages - Statistics

General Stats
  • This quiz has been taken 175 times
    156 since last reset
  • The average score is 11 of 23
Answer Stats
Answer % Correct
Samoa
64%
Tonga
62%
Tuvalu
59%
Nauru
58%
Panama
57%
Vanuatu
55%
Kiribati
52%
Togo
52%
Niger
51%
Sri Lanka
49%
Nepal
48%
Laos
47%
Liechtenstein
47%
Senegal
47%
Haiti
45%
Nigeria
44%
Angola
43%
Brunei
43%
Mali
42%
Burkina Faso
40%
Honduras
40%
Burundi
38%
Liberia
31%
No matching quizzes found
Score Distribution
Percent of People with Each Score
Percentile by Number Answered
Your Score History
You have not taken this quiz since the last reset